Choice, welfare, and development : a festschrift in honour of Amartya K. Sen
Αποθηκεύτηκε σε:
| Άλλοι συγγραφείς: | , , |
|---|---|
| Μορφή: | Βιβλίο |
| Γλώσσα: | English |
| Δημοσίευση: |
ix, 343 σ. :
εικ.,
24 εκ.
|
| Θέματα: | |
| Ετικέτες: |
Προσθήκη ετικέτας
Δεν υπάρχουν, Καταχωρήστε ετικέτα πρώτοι!
|
MARC
| LEADER | 00000cam a2200000 i 4500 | ||
|---|---|---|---|
| 001 | 1/4525 | ||
| 008 | 100217s1995 eng d | ||
| 020 | |a 0-19-828789-5 | ||
| 035 | |l 10106810 | ||
| 040 | |a GR-MY-UA |b gre |e aacr | ||
| 041 | 0 | |a eng | |
| 082 | 0 | |a 330.1 |2 (22) | |
| 245 | 1 | 0 | |a Choice, welfare, and development : |b a festschrift in honour of Amartya K. Sen / |c edited by K. Basu, P. Pattanaik, and K. Suzumura |
| 260 | |a ix, 343 σ. : |b εικ., |c 24 εκ. | ||
| 300 | |a ix, 343 σ.; |b εικ.; |c 24 εκ. | ||
| 504 | |a Περιέχει βιβλιογραφικές παραπομπές και ευρετήριο | ||
| 600 | 1 | 0 | |a Sen, Amartya, |d 1933- |
| 650 | 0 | 0 | |a Economics |z India |x History |y 20th century. |
| 650 | 0 | 0 | |a Social classes. |
| 650 | 0 | 0 | |a Welfare economics. |
| 650 | 0 | 0 | |a Economic development. |
| 700 | 1 | |a Basu, Kaushik. |4 edt | |
| 700 | 1 | |a Pattanaik, Prasanta K. |4 edt | |
| 700 | 1 | |a Suzumura, Kotaro, |d 1944-2020. |4 edt | |
| 852 | |a INST |b LESVOS |e 20100217 |h 330.1 CHO |p 005100046076 |q 005100046076 |t BK |y 4 |x 20191014 | ||
| 901 | |a BIBL1-2010-1 | ||
| 909 | |a Λ |b 162729 | ||
| 970 | |a ΚΑΡΑ |b ΓΙΑΣΕΜΗ |z 2010/02/17 | ||